Вып. 141, № 58 : Геоморфология и геологическое строение Прииртышской впадины; Материалы к истории флоры и растительности палеогена Северного Казахстана в районе Павлодарского Прииртышья; К истории растительности червертичного периода в Павлодарском Прииртышье; Труды Института геологических наук. Геологическая серия

מידע ביבליוגרפי
Parent link:Труды Института геологических наук. Геологическая серия/ Академия наук СССР (АН СССР), Институт геологических наук (ИГН). Вып. 141, № 58 : Геоморфология и геологическое строение Прииртышской впадины.— , 1938-1956
מחבר ראשי: Никифорова К. В.
שפה:רוסית
יצא לאור: 1953
Copublished:Е. Д. Заклинская. Материалы к истории флоры и растительности палеогена Северного Казахстана в районе Павлодарского Прииртышья; О. В. Матвеева. К истории растительности червертичного периода в Павлодарском Прииртышье
נושאים:
פורמט: MixedMaterials ספר
KOHA link:https://koha.lib.tpu.ru/cgi-bin/koha/opac-detail.pl?biblionumber=79030

MARC

LEADER 00000nam2a2200000 4500
001 79030
005 20231101213030.0
035 |a (RuTPU)RU\TPU\book\84895 
035 |a RU\TPU\book\252397 
035 |a RU\TPU\book\252454 
090 |a 79030 
100 |a 20130201d1953 k y0rusy50 ca 
101 0 |a rus 
102 |a RU 
105 |a a z 001zy 
200 0 |a Вып. 141, № 58 : Геоморфология и геологическое строение Прииртышской впадины  |f К. В. Никифорова 
210 |d 1953 
215 |a 80 с.  |c ил. 
320 |a Библиогр. в конце ст. 
423 |t Материалы к истории флоры и растительности палеогена Северного Казахстана в районе Павлодарского Прииртышья  |f Е. Д. Заклинская 
423 |t К истории растительности червертичного периода в Павлодарском Прииртышье  |f О. В. Матвеева  |a Матвеева, О. В. 
461 1 |0 (RuTPU)RU\TPU\book\84400  |t Труды Института геологических наук. Геологическая серия  |f Академия наук СССР (АН СССР), Институт геологических наук (ИГН)  |v Вып. 141, № 58 : Геоморфология и геологическое строение Прииртышской впадины  |d 1938-1956 
606 1 |a Геология  |y Казахстан  |2 stltpush  |3 (RuTPU)RU\TPU\subj\72113  |9 85700 
610 1 |a геоморфология 
610 1 |a геологическое строение 
610 1 |a флора 
610 1 |a растительность 
610 1 |a палеоген 
610 1 |a четвертичный период 
610 1 |a Прииртышье 
675 |a 55(574)  |v 3 
700 1 |a Никифорова  |b К. В. 
801 1 |a RU  |b 63413507  |c 20050715  |g PSBO 
801 2 |a RU  |b 63413507  |c 20180828  |g PSBO 
942 |c BK